[Event "Muensterland Regionalliga Gr1 2223"]
[Site "Germany"]
[Date "2022.11.26"]
[Round "4.7"]
[White "Steiner, Karl"]
[Black "Knocks, Elmar"]
[Result "0-1"]
[WhiteElo "1868"]
[BlackElo "1702"]
[PlyCount "60"]
[EventDate "2022.09.03"]
[EventType "team-tourn"]
[EventRounds "7"]
[EventCountry "GER"]
[SourceTitle "EXT 2024"]
[Source "ChessBase"]
[SourceDate "2023.10.10"]
[SourceVersion "1"]
[SourceVersionDate "2023.10.10"]
[SourceQuality "1"]
[WhiteTeam "Bocholt"]
[BlackTeam "Metelen"]
[WhiteTeamCountry "GER"]
[BlackTeamCountry "GER"]

1. c4 Nf6 2. Nf3 d5 3. cxd5 Nxd5 4. d4 e6 5. e4 Nb6 6. Nc3 Be7 7. Be2 0-0 8. 0-0 N8d7 9. Be3 Nf6 10. h3 Bd7 11. Qc2 Rc8 12. a4 a5 13. Rfd1 h6 14. d5 exd5 15. exd5 Bd6 16. Qb3 Re8 17. Kf1 Bb4 18. Nb5 Nfxd5 19. Rxd5 Nxd5 20. Qxd5 c6 21. Qd4 cxb5 22. axb5 Bc5 23. Qf4 Bxe3 24. fxe3 Qb6 25. Ne5 Be6 26. Bd3 f6 27. Qe4 fxe5 28. Qh7+ Kf8 29. Bg6 Bg8 30. Qh8 Qxg6 0-1

[Event "Muensterland Verbandsliga 1819"]
[Site "Germany"]
[Date "2018.11.24"]
[Round "4.8"]
[White "Knocks, Elmar"]
[Black "Beckmann, Felix"]
[Result "1-0"]
[WhiteElo "1660"]
[BlackElo "1492"]
[PlyCount "99"]
[EventDate "2018.09.01"]
[EventType "team-tourn"]
[EventRounds "9"]
[EventCountry "GER"]
[SourceTitle "EXT 2020"]
[Source "ChessBase"]
[SourceDate "2019.10.17"]
[SourceVersion "1"]
[SourceVersionDate "2019.10.17"]
[SourceQuality "1"]
[WhiteTeam "Metelen"]
[BlackTeam "Raesfeld Erle II"]
[WhiteTeamCountry "GER"]
[BlackTeamCountry "GER"]

1. c4 e5 2. Nc3 Nf6 3. d3 Nc6 4. Nf3 Bb4 5. e4 h6 6. Be3 d6 7. a3 Bxc3+ 8. bxc3 0-0 9. Be2 Ng4 10. Bd2 f5 11. h3 Nf6 12. exf5 Bxf5 13. Nh4 Bh7 14. 0-0 Ne4 15. dxe4 Qxh4 16. Bg4 Bxe4 17. Be6+ Kh7 18. f3 Bd3 19. Be1 Qg5 20. Qxd3+ g6 21. Bd2 Qf6 22. Bd5 Na5 23. f4 Qh4 24. fxe5 dxe5 25. Rf7+ Rxf7 26. Bxf7 e4 27. Qe3 Nb3 28. Rf1 Nxd2 29. Qxd2 Rd8 30. Bd5 Qe7 31. Qe3 Rf8 32. Rxf8 Qxf8 33. Qxe4 c6 34. Be6 Qxa3 35. Qd4 Qe7 36. Qd7 Qxd7 37. Bxd7 a5 38. c5 Kg7 39. Be6 Kf6 40. Bb3 Ke5 41. Kf2 g5 42. Kf3 h5 43. g4 hxg4+ 44. hxg4 a4 45. Bxa4 Kd5 46. Bb3+ Kxc5 47. Ke4 b5 48. Kf5 b4 49. cxb4+ Kxb4 50. Bf7 1-0

[Event "Muensterland Verbandsklasse-A 1213"]
[Site "Germany"]
[Date "2013.03.16"]
[Round "7.4"]
[White "Diehlmann, Christian"]
[Black "Knocks, Elmar"]
[Result "1-0"]
[WhiteElo "1912"]
[BlackElo "1667"]
[PlyCount "101"]
[EventDate "2012.09.15"]
[EventType "team-tourn"]
[EventRounds "9"]
[EventCountry "GER"]
[SourceTitle "EXT 2015"]
[Source "ChessBase"]
[SourceDate "2014.11.20"]
[SourceVersion "1"]
[SourceVersionDate "2014.11.20"]
[SourceQuality "1"]
[WhiteTeam "Ahaus Wessum"]
[BlackTeam "Metelen"]
[WhiteTeamCountry "GER"]
[BlackTeamCountry "GER"]

1. d4 Nf6 2. c4 e5 3. dxe5 Ng4 4. Nf3 Nc6 5. Nc3 Ngxe5 6. e3 d6 7. b3 Bf5 8. a3 g6 9. Bb2 Bg7 10. Be2 0-0 11. 0-0 Qd7 12. Re1 Rfe8 13. Ra2 Bg4 14. Nb5 Nxf3+ 15. Bxf3 Bxf3 16. Qxf3 Bxb2 17. Rxb2 Ne5 18. Qd1 a6 19. Nc3 Ng4 20. Nd5 Qe6 21. Rd2 Rac8 22. Qxg4 Qxg4 23. Nf6+ Kg7 24. Nxg4 f5 25. Rd4 h5 26. h3 hxg4 27. hxg4 Rh8 28. gxf5 gxf5 29. Red1 Rh5 30. f3 Rch8 31. Kf2 Kf6 32. b4 Rh2 33. R1d2 Rg8 34. Kg1 Rgh8 35. Rf4 Rh1+ 36. Kf2 Ke6 37. Rd5 R8h5 38. e4 fxe4 39. Rxe4+ Kf6 40. Rxh5 Rxh5 41. g4 Rh2+ 42. Kg3 Ra2 43. Kf4 Rxa3 44. g5+ Kf7 45. Re3 Ra4 46. Kf5 Ra1 47. g6+ Kf8 48. Kf6 Rg1 49. f4 c5 50. bxc5 dxc5 51. Rb3 1-0

[Event "Muensterland Verbandsklasse-A 1011"]
[Site "Germany"]
[Date "2011.03.12"]
[Round "8.6"]
[White "Noering, Andreas"]
[Black "Knocks, Elmar"]
[Result "1-0"]
[WhiteElo "1805"]
[BlackElo "1664"]
[PlyCount "57"]
[EventDate "2010.09.18"]
[EventType "team-tourn"]
[EventRounds "9"]
[EventCountry "GER"]
[SourceTitle "EXT 2012"]
[Source "ChessBase"]
[SourceDate "2011.11.24"]
[SourceVersion "1"]
[SourceVersionDate "2011.11.24"]
[SourceQuality "1"]
[WhiteTeam "Emsdetten Rochade"]
[BlackTeam "Metelen"]
[WhiteTeamCountry "GER"]
[BlackTeamCountry "GER"]

1. e4 e5 2. Bc4 Bc5 3. Nf3 Nc6 4. c3 Nf6 5. d4 exd4 6. e5 d5 7. Bb5 Ne4 8. Nxd4 0-0 9. Bxc6 bxc6 10. 0-0 Ba6 11. Re1 Re8 12. Be3 Bb7 13. Qg4 Rxe5 14. Nf5 Qf6 15. Nh6+ Kf8 16. Bxc5+ Nxc5 17. Rxe5 Qxe5 18. Nd2 gxh6 19. Qb4 Qd6 20. Qd4 f6 21. Qh4 Kg7 22. Re1 Rg8 23. Nf3 Nd3 24. Re3 Qf4 25. Qh5 Kh8 26. g3 Ba6 27. Qf7 Ne5 28. Nxe5 fxe5 29. Qxg8+ 1-0

[Event "Muensterland Verbandsklasse-A 1011"]
[Site "Germany"]
[Date "2010.10.09"]
[Round "2.4"]
[White "Knocks, Elmar"]
[Black "Schley, Robert"]
[Result "1-0"]
[WhiteElo "1664"]
[BlackElo "1665"]
[PlyCount "71"]
[EventDate "2010.09.18"]
[EventType "team-tourn"]
[EventRounds "9"]
[EventCountry "GER"]
[SourceTitle "EXT 2012"]
[Source "ChessBase"]
[SourceDate "2011.11.24"]
[SourceVersion "1"]
[SourceVersionDate "2011.11.24"]
[SourceQuality "1"]
[WhiteTeam "Metelen"]
[BlackTeam "Stadtlohn"]
[WhiteTeamCountry "GER"]
[BlackTeamCountry "GER"]

1. c4 Nf6 2. Nc3 e6 3. d4 d5 4. Nf3 Nbd7 5. Bg5 Be7 6. e3 c6 7. Bd3 0-0 8. 0-0 b6 9. cxd5 Nxd5 10. Bxe7 Qxe7 11. Nxd5 exd5 12. Qc2 Nf6 13. Qxc6 Bb7 14. Qa4 Rfc8 15. Rfc1 Rc7 16. Bf5 g6 17. Bh3 Bc8 18. Rc6 Bb7 19. Rc2 Bc8 20. Rac1 Rxc2 21. Rxc2 Bxh3 22. gxh3 Qe6 23. Rc7 Qxh3 24. Ne5 Ng4 25. Nxg4 Qxg4+ 26. Kf1 Qf3 27. Qd7 Qf5 28. Qxf5 gxf5 29. Rd7 Kg7 30. Rxd5 Kf6 31. Rd7 Ke6 32. Rc7 b5 33. Rc6+ Kd5 34. Rc5+ Ke4 35. Ke2 Re8 36. f3# 1-0